00309pam a2200121 a 4500020000500000041000500005082001300010100002200023245009000045250001000135260002700145300001500172 c h a750bHAR aNathaniel Harris. aThe Life and Works of M. ChagallbThe Life and Works of M. ChagallhTextual Documents a1994. aAmericabParragon Book a79:bHard.